| 000 | 00528nam a22001817a 4500 | ||
|---|---|---|---|
| 999 |
_c192950 _d192950 |
||
| 005 | 20221011161308.0 | ||
| 010 | _aENG-135364 | ||
| 020 |
_a9788178837710 _c70.00 |
||
| 035 | _aEN-118896 | ||
| 037 | _bDBAD/PUB | ||
| 082 | _a181.45 | ||
| 100 | _aTapasyananada | ||
| 245 |
_aSri Ramakrishna: _blife and teachings/ _cby Tapasyananda |
||
| 260 |
_aChennai _bSri Ramakrishna Math _c2018 |
||
| 270 |
_aMylapore _bChennai _e600004 |
||
| 300 |
_a239p. _c18cm(hbk) _bGlossary & Index |
||
| 942 |
_2ddc _cEN _mTAP _h181.45 |
||